[Event "Hamburg Junge op"]
[Site "Hamburg"]
[Date "2005.10.07"]
[Round "7"]
[White "Cremer, Jochen"]
[Black "Bakker, Sven"]
[Result "0-1"]
[WhiteElo "2128"]
[BlackElo "2305"]
[PlyCount "104"]
[EventDate "2005.10.01"]
[EventType "swiss"]
[EventRounds "9"]
[EventCountry "GER"]
[SourceTitle "CBM 108 Extra"]
[Source "ChessBase"]
[SourceDate "2005.11.04"]
[SourceVersion "1"]
[SourceVersionDate "2005.11.04"]
[SourceQuality "1"]

1. e4 c6 2. d4 d5 3. Nd2 dxe4 4. Nxe4 Bf5 5. Nc5 Nd7 6. Nxb7 Qc7 7. Nc5 Nxc5 8. dxc5 e6 9. Be3 Rd8 10. Bd3 Nf6 11. Qe2 Bxd3 12. cxd3 Qa5+ 13. Qd2 Qb5 14. Rd1 Ne4 15. Qc2 Nxc5 16. Bxc5 Bxc5 17. Ne2 Bb4+ 18. Nc3 Qe5+ 19. Kf1 0-0 20. g3 f5 21. Kg2 f4 22. f3 Qh5 23. g4 Qh4 24. Ne4 Qe7 25. Qc4 Rd5 26. Rc1 Rfd8 27. Rhd1 Ba5 28. Qxc6 Bb6 29. Qc2 Be3 30. Rb1 Qd7 31. Kf1 Rc8 32. Nc3 Rdc5 33. Qb3 Qe7 34. Kg2 h5 35. d4 Rc4 36. Rf1 hxg4 37. fxg4 Bxd4 38. Rxf4 e5 39. Re4 Kh8 40. Rf1 Rb4 41. Qa3 Qb7 42. Kh3 Bxc3 43. Rxb4 Bxb4 44. Qb3 Qe4 45. Rf5 Rc4 46. Qd1 Rd4 47. Qg1 Rd3+ 48. Kh4 Be1+ 49. Kh5 Rh3+ 50. Kg6 Rh6+ 51. Kf7 Qd5+ 52. Ke8 Re6+ 0-1

[Event "Hamburg Junge op"]
[Site "Hamburg"]
[Date "2005.10.07"]
[Round "5"]
[White "Cremer, Jochen"]
[Black "Ghadimi, Mohammed Reza"]
[Result "1/2-1/2"]
[WhiteElo "2128"]
[BlackElo "2145"]
[PlyCount "64"]
[EventDate "2005.10.01"]
[EventType "swiss"]
[EventRounds "9"]
[EventCountry "GER"]
[SourceTitle "CBM 108 Extra"]
[Source "ChessBase"]
[SourceDate "2005.11.04"]
[SourceVersion "1"]
[SourceVersionDate "2005.11.04"]
[SourceQuality "1"]

1. e4 c5 2. Nf3 e6 3. c4 Nc6 4. d4 cxd4 5. Nxd4 Nf6 6. Nc3 Bb4 7. Nxc6 bxc6 8. Bd2 Bxc3 9. Bxc3 Nxe4 10. Qg4 Nxc3 11. Qxg7 Rf8 12. Qxc3 d5 13. cxd5 cxd5 14. Bb5+ Bd7 15. Bxd7+ Qxd7 16. Rc1 Qb5 17. a4 Qxa4 18. 0-0 Rg8 19. g3 Qd7 20. Qa5 Rc8 21. Rxc8+ Qxc8 22. Qxa7 Kf8 23. Qe3 Rg6 24. Rc1 Qd8 25. Qa7 e5 26. Rc7 Rf6 27. Rd7 Qc8 28. Rxd5 Qc1+ 29. Kg2 Qxb2 30. Qc5+ Kg7 31. Rxe5 Rxf2+ 32. Qxf2 Qxe5 1/2-1/2